| 000 | 00443nam a2200109Ia 4500 | ||
|---|---|---|---|
| 008 | 160909s9999 xx 000 0 und d | ||
| 100 | _aRandall, John H. | ||
| 245 | _aStages of faculty concern about teaching online: Relationships between faculty teaching methods and technology use in teaching | ||
| 260 |
_bPepperdine University. _c2016 |
||
| 650 | _aInformation Technology | ||
| 856 | _uhttp://pqdtopen.proquest.com/doc/1805310263.html?FMT=ABS | ||
| 999 |
_c303763 _d303763 |
||